000 00801nam a2200229 i 4500
001 48923
003 ES-MaACL
005 20250913164832.0
007 t|
008 030702s1975 sp ||||1| spa d
100 1 _aCorella, M. R.
_940576
245 1 0 _aSothis
_b: a program to calculate Feed Enrichments and Fuel Costs of PWR Equilibrium Cycles / por M.R. Corella, J.M. Martínez Val.
260 _aMadrid :
_bJunta de Energía Nuclear,
_c1975.
300 _a73 p. ;
_c30 cm.
490 1 _aJ.E.N. ;
_v303
650 4 _aReactores nucleares-
_xProceso de datos.
_9165701
700 1 _aMartínez-Val, José María,
_d1951-
_978458
710 2 _aJunta de Energía Nuclear (España)
_95390
830 0 _aJ.E.N. ;
_v303
_9230081
852 _aES-MaACL
_jE-8094
_bR.92432
999 _c48923
_d48923